Effective intercultural communication : (Record no. 8040)

MARC details
000 -LEADER
fixed length control field 02370cam a2200349 i 4500
001 - CONTROL NUMBER
control field 18199653
003 - CONTROL NUMBER IDENTIFIER
control field GBCCL
005 - DATE AND TIME OF LATEST TRANSACTION
control field 20241126110642.0
008 - FIXED-LENGTH DATA ELEMENTS--GENERAL INFORMATION
fixed length control field 140624t20142014miua b 001 0 eng
010 ## -
-- 2014024141
020 ## - INTERNATIONAL STANDARD BOOK NUMBER
International Standard Book Number 9780801026638 (pbk.)
040 ## - CATALOGING SOURCE
Original cataloging agency DLC
Language of cataloging eng
Transcribing agency DLC
Description conventions rda
Modifying agency DLC
042 ## -
-- pcc
050 00 -
-- BV2082.I57
-- M67 2014
082 00 - DEWEY DECIMAL CLASSIFICATION NUMBER
Classification number 266.0014
Edition information 23
Item number MOR
100 1# - MAIN ENTRY--PERSONAL NAME
Personal name Moreau, A. Scott,
Dates associated with a name 1955-
9 (RLIN) 3635
245 10 - TITLE STATEMENT
Title Effective intercultural communication :
Remainder of title a Christian perspective /
Statement of responsibility, etc. A. Scott Moreau, Evvy Hay Campbell, Susan Greener.
264 #1 - PRODUCTION, PUBLICATION, DISTRIBUTION, MANUFACTURE, AND COPYRIGHT NOTICE
Place of production, publication, distribution, manufacture Grand Rapids, Michigan :
Name of producer, publisher, distributor, manufacturer Baker Academic, a division of Baker Publishing Group,
Date of production, publication, distribution, manufacture, or copyright notice [2014]
300 ## - PHYSICAL DESCRIPTION
Extent vi, 405 pages :
Other physical details illustrations ;
Dimensions 23 cm.
336 ## - CONTENT TYPE
Content type term text
Content type code txt
Source rdacontent
337 ## - MEDIA TYPE
Media type term unmediated
Media type code n
Source rdamedia
338 ## - CARRIER TYPE
Carrier type term volume
Carrier type code nc
Source rdacarrier
490 0# - SERIES STATEMENT
Series statement Encountering mission
504 ## - BIBLIOGRAPHY, ETC. NOTE
Bibliography, etc. note Includes bibliographical references (pages 359-395) and indexes.
505 0# - FORMATTED CONTENTS NOTE
Formatted contents note Part 1: Introducing Intercultural Communication. What Is Intercultural Communication? -- The Story Line of Intercultural Communication -- Perspectives on Intercultural Communication -- Part 2: Foundations of intercultural communication patterns. Worldview and Intercultural Communication -- Verbal Intercultural Communication -- Societies and Social Institutions -- Networks, In-Groups, and Social Change -- Part 3: Patterns of Intercultural Communication. Nonverbal Intercultural Communication -- Contexting -- Polychronic and Monochronic Time -- Individualism and Collectivism -- Social Power in Intercultural Communication -- Gender Roles -- Honor and Justice -- Part 4: Developing Intercultural Expertise. Cultural Adaptation -- Intercultural Competence -- Intercultural Relationships -- Intercultural Evangelism -- Intercultural Discipleship -- Intercultural Church Planting -- Cross-Cultural Teaching and Learning -- Intercultural Ministry through Teams -- Conflict and Culture -- The Future of Intercultural Communications.
650 #0 - SUBJECT ADDED ENTRY--TOPICAL TERM
Topical term or geographic name entry element Intercultural communication
General subdivision Religious aspects
-- Christianity.
9 (RLIN) 1960
650 #0 - SUBJECT ADDED ENTRY--TOPICAL TERM
Topical term or geographic name entry element Missions.
9 (RLIN) 885
650 #0 - SUBJECT ADDED ENTRY--TOPICAL TERM
Topical term or geographic name entry element Communication
General subdivision Religious aspects
-- Christianity.
9 (RLIN) 1427
906 ## - LOCAL DATA ELEMENT F, LDF (RLIN)
a 7
b cbc
c orignew
d 1
e ecip
f 20
g y-gencatlg
942 ## - ADDED ENTRY ELEMENTS (KOHA)
Source of classification or shelving scheme Dewey Decimal Classification
Koha item type Books
Koha issues (borrowed), all copies 14
Holdings
Withdrawn status Lost status Source of classification or shelving scheme Damaged status Not for loan Home library Current Library Shelving location Date acquired Source of acquisition Cost, normal purchase price Total checkouts Total renewals Full call number Barcode Date last seen Date last checked out Copy number Cost, replacement price Price effective from Koha item type
    Dewey Decimal Classification     GRACE BIBLE COLLEGE GRACE BIBLE COLLEGE Ministry & Mission 2019-05-14 13 1929.00 15 3 266.0014 MOR 014938 2025-10-09 2025-10-01 c.1 1929.00 2019-05-14 Books
    Dewey Decimal Classification     GRACE BIBLE COLLEGE GRACE BIBLE COLLEGE Ministry & Mission 2024-06-25     2   266.0014 MOR 016910 2026-02-16 2026-02-09 c.1   2024-06-25 Books
© Grace Bible College Library 2025